Казнаков А. О делах Кавказского Музея. Приложено письмо Звегинцова А. И. - Василию Константиновичу о музее

Доступно только в Электронных читальных залах Найти на картеНа карте
RUSMARC
00005066nac2a22003253x 450
001cfd63e75-ae91-4afb-9812-2c6814431198
00520211209190859.0
100##$a20211120l19091912k y0rusy50 ca
1010#$arus
102##$aRU
105##$ay z |||||
1222#$ad19091231
$ad19121231
2001#$aКазнаков А. О делах Кавказского Музея. Приложено письмо Звегинцова А. И. - Василию Константиновичу о музее
$j1909-1912
215##$a9 листов
251##$cДело
300##$aЗаголовок дела на папке: Письма и телеграммы Казнакова А. - Звегинцеву Ал. Ив. (О законопроекте в Государственной Думе по вопросу о Кавказском музее, о штатах музея). Приложено письмо Ал. Ив. Звегинцева - Василию Константиновичу по вопросу о Кавказском музее)
300##$aНа папке дела: 1909-1910-1912
300##$aЛист: 1 - поврежден; 7-9 - телеграмма
300##$aРукописный и машинописный текст
330##$aВходит в раздел описи: 1. Письма к А. И. Звегинцову. 2/ Письма по служебной деятельности А. И. Звегинцова
461#0$1001fc48e33c-c630-4015-85dd-2f2aab656f45
$12001
$aЗвегинцев Александр Иванович, помещик Воронежской губернии, депутат III Государственной думы, член партии "Союз 17 октября"
$1251
$cФонд
$1852
$j932
462#0$1001ddcf82e7-7bd9-4c5e-b7f1-85df8b3febb3
$12001
$aДела постоянного хранения. 1899-1913 гг.
$vД. 184
$1251
$cОпись
$1852
$j1
5171#$aПисьма и телеграммы Казнакова А. - Звегинцеву Ал. Ив. (О законопроекте в Государственной Думе по вопросу о Кавказском музее, о штатах музея). Приложено письмо Ал. Ив. Звегинцева - Василию Константиновичу по вопросу о Кавказском музее)
600#1$aЗвегинцев
$bА. И.
$gАлександр Иванович
600#1$aКазнаков
$bА.
60101$3RU\NLR\AUTH\8810039162
$aРоссия
$bГосударственная Дума
60102$3RU\NLR\AUTH\889924802
$aКавказский музей
$cТифлис
801#0$aRU
$bGA_RF
801#1$aRU
$bГлавНИВЦ
$c20211120
$2rusmarc
801#2$aRU
$bПБ им. Б.Н. Ельцина
$c20211209
$gRCR
$2rusmarc
852##$aГА РФ
$j184
937##$d171376416
$hГАРФ
035##$aRuPRLIB51062457
856##$uhttp://readingroom.main.prlib.ru/item.aspx?id_node=n171376416&mode=full
Формат отображения